Utilization of mulberry leaves and ensiled taro on digestibility and nitrogen balance of local crossbred pig, ការប្រាស់ស្លឹកមន និងត្រាវផ្អាប់លើភាពរលាយអាហារ និងតុល្យផាពអាសូតរបស់ជ្រូកកូនកាត់ក្នុងស្រុក. (Record no. 2522)

000 -LEADER
fixed length control field 00721nam a22001337a 4500
040 ## - CATALOGING SOURCE
Transcribing agency RUA
082 ## - DEWEY DECIMAL CLASSIFICATION NUMBER
Classification number AVM EL 2011 B100 Or.1
100 ## - MAIN ENTRY--AUTHOR NAME
Personal name EL, SOPHAL.
245 ## - TITLE STATEMENT
Title Utilization of mulberry leaves and ensiled taro on digestibility and nitrogen balance of local crossbred pig, ការប្រាស់ស្លឹកមន និងត្រាវផ្អាប់លើភាពរលាយអាហារ និងតុល្យផាពអាសូតរបស់ជ្រូកកូនកាត់ក្នុងស្រុក.
260 ## - PUBLICATION, DISTRIBUTION, ETC. (IMPRINT)
Place of publication phnom phen
Name of publisher RUA
Year of publication 2011
300 ## - PHYSICAL DESCRIPTION
Number of Pages IV,41p.
Other physical details ill.
Dimensions 29cm.
856 ## - ELECTRONIC LOCATION AND ACCESS
Uniform Resource Identifier https://drive.google.com/file/d/1ayJ2v1jj-DBu_HEoIP3VebwWDjE6jtHQ/view?usp=sharing
942 ## - ADDED ENTRY ELEMENTS (KOHA)
Koha item type AVM
952 ## - LOCATION AND ITEM INFORMATION (KOHA)
Withdrawn status [LOCAL, KOHA] 0
952 ## - LOCATION AND ITEM INFORMATION (KOHA)
Withdrawn status [LOCAL, KOHA] 0
952 ## - LOCATION AND ITEM INFORMATION (KOHA)
Withdrawn status [LOCAL, KOHA] 0
952 ## - LOCATION AND ITEM INFORMATION (KOHA)
Withdrawn status [LOCAL, KOHA] 0
952 ## - LOCATION AND ITEM INFORMATION (KOHA)
Withdrawn status [LOCAL, KOHA] 0
952 ## - LOCATION AND ITEM INFORMATION (KOHA)
Withdrawn status [LOCAL, KOHA] 0
952 ## - LOCATION AND ITEM INFORMATION (KOHA)
Withdrawn status [LOCAL, KOHA] 0
952 ## - LOCATION AND ITEM INFORMATION (KOHA)
Withdrawn status [LOCAL, KOHA] 0
Holdings
Permanent Location Date acquired Koha item type Lost status Shelving location Barcode Current Location Full call number
Library Block B2015-10-22AVM B100RUA015934Library Block BAVM EL 2011 B100 Or.1
Library Block B2015-10-22AVM B100RUA019091Library Block BAVM EL 2011 B100 Or.2
Library Block B2015-10-22AVM B100RUA019163Library Block BAVM EL 2011 B100 Or.3
Library Block B2015-10-22AVM B100RUA019300Library Block BAVM EL 2011 B100 Or.4
Library Block B2015-10-22AVM B100RUA019372Library Block BAVM EL 2011 B100 Or.5
Library Block B2015-10-22AVM B100RUA016156Library Block BAVM EL 2011 B100 Or.6
Library Block B2015-10-22AVM B100RUA016006Library Block BAVM EL 2011 B100 Or7
Library Block B2015-10-22AVM B100RUA016416Library Block BAVM EL 2011 B100 Or.8
មជ្ឈមណ្ឌលឯការនៃសាកលវិទ្យាល័យភូមិន្ទកសិកម្មចំការដូង

Powered by Koha